000 00896nam a22002177a 4500
999 _c1539
_d1539
003 AR-CdUCM
008 190227b ||||| |||| 00| 0 spa d
040 _aMUNICIPALIDAD PROVINCIAL DEL CUSCO
_cBIBLIOTECA MUNICIPAL DEL CUSCO
082 _a985 /
_bR63
100 _aRíos Zamalloa, Jorge
_92949
245 _aCrítica de la historia andina /
260 _aCusco :
_bEdit. Wamanpuma,
_c2016.
300 _a350 páginas ;
_c20 cm.
505 _aTomo I : Los Antis y Qollas en un desarrollo paralelo -- Interpretación Política de la Nación Andina -- El carácter Patriarcal de la sociedad andina -- Los Poques Qollana en la lucha contra los Chu´unchus -- Los Pacha Kuteq inkas ...
650 _aCultura andina
_95789
650 _aEpoca Prehispánica
_92714
650 _aÉpoca Colonial
_9645
650 _aIdentidad cultural
_92943
942 _2ddc
_cLIBROS
945 _araen
_d2019-02-27